Bramkarze z największą ilością Czystych Kont w 21 wieku - Statystyki

Ogólne statystyki
  • Ten quiz został rozwiązany 41 razy
  • Średni wynik to 8 z 15
Statystyki odpowiedzi
Miejsce Czyste konta Odpowiedź % Poprawnych
1 429 Gianluigi Buffon
100%
4 340 Iker Casillas
94%
2 370 Manuel Neuer
89%
3 342 Petr Čech
67%
11 256 Thibaut Courtois
64%
6 275 Víctor Valdés
64%
15 230 David de Gea
58%
9 264 Jan Oblak
58%
8 268 Hugo Lloris
44%
12 254 Kasper Schmeichel
33%
14 254 Samir Handanovič
33%
13 254 Yann Sommer
25%
7 269 Rui Patrício
22%
10 256 Steve Mandanda
17%
5 300 Mickaël Landreau
3%
Nie znaleziono quizów pasujących do podanych kryteriów
Rozkład punktacji
Procent ludzi z każdym wynikiem
Percentyl według liczby udzielonych odpowiedzi
Twoja historia wyników
Nie rozwiązałeś tego quizu